000 004680000a22001690004500
003 LK-CoMWRAF
008 230817t2002 ||||| |||| 00| 0 eng d
020 _a157851486X
040 _aLK-CoMWRAF
_dLK-CoMWRAF
_eLK-CoMWRAF
041 _aeng
082 _a460
_bGOL
100 _aGoleman, Daniel
245 _aPrimal Leardership
_bRealizing the Power of Emotional Interlligence
260 _bHarvard Business School Press
_aU.S.A.
_c2002
300 _ap.306
942 _cBK
999 _c1215
_d1215